Les Aventures de Tintin - Tintin au pays de l'Or Noir - Statistiques

Statistiques générales
  • Ce quiz a été pris 482 fois
  • Le résultat moyen est 16 sur 18
Statistiques - réponses
Question Réponse % Correct
Comment se nomme le fils de l'émir ? Abdallah
100%
Quel étrange phénomène marque le point de départ de cette histoire ? Les moteurs des voitures explosent
99%
Qui est le rival politique de l'émir ? Bab El Ehr
97%
Quel personnage aide Tintin à pénétrer chez le docteur Müller ? Oliveira da Figueira
97%
À quoi assiste Tintin une nuit en plein désert ? au sabotage d'un pipe-line
95%
De quelles couleurs sont les maillots de bain des Dupondt ? Rayés rouge et blanc
95%
Les Dupondt ont avalé des comprimés d'additif N14 ! Parmi les propositions suivantes, lequel de ces effets NE S'EST PAS produit ? De la fumée sort de leurs oreilles
93%
Comment s'appelle l'agence de dépannage dans laquelle Dupond et Dupont se font embaucher pour enquêter ? Simoun
93%
Quelle voiture Dupond et Dupont prennent-ils pour rechercher cet homme, dans le désert ? Une Jeep Willys
92%
Épuisés par leur traversée du désert, Les Dupondt s'endorment au volant de leur voiture et... ...s'encastrent dans le mur d'une mosquée
89%
Quelle farce de ce garçon permet à Tintin de remonter jusqu'au docteur Müller ? La poudre à éternuer
88%
Quel émir est à la tête de ce pays ? Mohammed Ben Kalish Ezab
88%
Dans quel port du Khemed Tintin débarque-t-il ? Khemkhâh
84%
Le docteur Müller, refusant de se rendre, tente... ...de se suicider par balle
82%
Sous quel nom le docteur Müller se présente-t-il à l'émir ? Professeur Smith
79%
Le professeur Tournesol a réussi à analyser le produit chimique. Cependant, à cause de ses expériences... ...le château de Moulinsart est dévasté
70%
Sur quel bateau Tintin se fait-il embaucher en tant que télégraphiste ? Le Speedol Star
70%
Par quel passage secret le docteur Müller peut-il entrer et sortir de son bureau ? Par une échelle dans une cheminée
55%
Aucun quiz correspondant
Distribution des résultats
% des personnes avec chaque résultat
Percentile par nombre de réponses
Votre historique - résultats
Vous n’avez pas pris ce quiz